Movies Quiz

Random Movies or Minefield Quiz

Multi-Category Minefield Blitz: Pixar Quiz Stats

 Plays Quiz Updated Mar 6, 2020

Support Sporcle.
Go Orange.
Score 0/25 Timer 01:00
2 Plays Today
% Correct
???
54.7%
???
51.3%
???
50.1%
???
49.3%
???
48.7%
???
48.6%
???
48.1%
???
46.5%
???
45.7%
???
45.3%
???
44.8%
???
44.7%
???
42.7%
% Correct
???
42.6%
???
40.2%
???
40.1%
???
39.5%
???
37.4%
???
37.3%
???
34.3%
???
33.4%
???
30.2%
???
28.7%
???
26.3%
???
22.9%

From the Vault

Around the Perimeter of Turkey

by mg10

We don't think this is going to turn out to be the same shape as a big bird.
Remove Ads.
Support Sporcle.
Get the best of Sporcle when you Go Orange. This ad-free experience offers more features, more stats, and more fun while also helping to support Sporcle. Thank you for becoming a member.

Show Comments

Extras

Top Quizzes Today


Score Distribution

Your Account Isn't Verified!

In order to create a playlist on Sporcle, you need to verify the email address you used during registration. Go to your Sporcle Settings to finish the process.

Report this User

Report this user for behavior that violates our Community Guidelines.

Details: